00182nam a2200073Ia 4500008004100000040001900041041001200060245003600072131103s9999 xx 000 0 und d aLoreto College aEnglish aElementary of social psychology